| 000 | 00828nam a22002297a 4500 | ||
|---|---|---|---|
| 999 |
_c18194 _d18194 |
||
| 003 | AR-CdUCM | ||
| 008 | 190513b ||||| |||| 00| 0 spa d | ||
| 040 |
_aMUNICIPALIDAD PROVINCIAL DEL CUSCO _cBIBLIOTECA MUNICIPAL DEL CUSCO |
||
| 082 |
_a985.008 / _bD85 |
||
| 110 |
_aFondo de promoción turística _938647 |
||
| 245 |
_aDocuemental del Perú : _benciclopedia nacional básica / |
||
| 260 |
_aCusco : _c1984. |
||
| 300 |
_a160 paginas ; _bIlustraciones, _c21 cm. |
||
| 505 | _aContenido : t.6: Geografía -- La ciudad del Cusco -- Circuitos turísticos - Machupicchu -- Folklore... | ||
| 650 |
_aDepartamento del Cusco _938648 |
||
| 650 |
_aHistoria _9136 |
||
| 650 |
_aArqueologia _9371 |
||
| 650 |
_aSitios turisticos _938649 |
||
| 650 |
_aCultura cusqueña _92763 |
||
| 942 |
_2ddc _cLIBROS |
||
| 945 |
_awnts _d2019-05-13 |
||